000 01145cam a2200277 i 4500
003 SA-RiAUC
005 20251106084436.0
008 251105s2006 su g 000r0 ara c
020 _a9960528006
040 _aSA-JeALM
_bara
_cSA-RiAUC
_erda
082 0 4 _a252.2
_qSA-RiAUC
090 _a252.2
_bز ي د
100 1 _aالزيد، زيد بن عبد الكريم بن علي،
_d1375 هجري-
_eمؤلف.
245 1 0 _aحكم تغيير المكان بعد الفريضة لأداء النافلة /
_cإعداد زيد بن عبد الكريم الزيد.
250 _aالطبعة الأولى.
264 1 _aالرياض :
_bدار إمام الدعوة للطباعة والنشر والتوزيع،
_c2007
300 _a29 صفحة ؛
_c20 سم.
336 _aنص
_btxt
_2rdacontent
_3كتاب
337 _aبدون وسيط
_bn
_2rdamedia
650 7 _aالصلاة (فقه إسلامي)
_2aucsh
650 7 _aالنوافل (فقه إسلامي)
_2aucsh
650 7 _aالعبادات (فقه إسلامي)
_2aucsh
650 7 _aصلاة النفل
_2aucsh
942 _2ddc
_cBOOK
_n0
949 _aSA-JeALM
_d251105
_uosman123
_n1
999 _c13053
_d13053